Financial institutions : (Record no. 6121)

MARC details
000 -LEADER
fixed length control field 00953nam a22002652 4500
001 - CONTROL NUMBER
control field 0000002941
005 - DATE AND TIME OF LATEST TRANSACTION
control field 20151217151908.0
008 - FIXED-LENGTH DATA ELEMENTS--GENERAL INFORMATION
fixed length control field 070424s xx 000 0 eng d
020 ## - INTERNATIONAL STANDARD BOOK NUMBER
International Standard Book Number 0256092338 :
Terms of availability KES 500 (donation)
040 ## - CATALOGING SOURCE
Original cataloging agency KABU
Transcribing agency KABU
050 #0 - LIBRARY OF CONGRESS CALL NUMBER
Classification number HG181
Item number .R671 1993
100 1# - MAIN ENTRY--PERSONAL NAME
Personal name Rose, Peter S.
-- 0000152468
245 10 - TITLE STATEMENT
Title Financial institutions :
Remainder of title understanding and managing financial services /
Statement of responsibility, etc. Peter S. Rose, James W. Kolari, Donald R. Fraser.
250 ## - EDITION STATEMENT
Edition statement 4th ed.
260 ## - PUBLICATION, DISTRIBUTION, ETC. (IMPRINT)
Place of publication, distribution, etc. Homewood, IL :
Name of publisher, distributor, etc. Irwin,
Date of publication, distribution, etc. c1993.
300 ## - PHYSICAL DESCRIPTION
Extent xxiv, 782 p. ;
Dimensions 24 cm.
650 #0 - SUBJECT ADDED ENTRY--TOPICAL TERM
Topical term or geographic name as entry element Financial institutions
Geographic subdivision United States.
-- 0000152460
700 1# - ADDED ENTRY--PERSONAL NAME
Personal name Kolari, James W.
-- 0000152471
700 1# - ADDED ENTRY--PERSONAL NAME
Personal name Fraser, Donald R.
-- 0000152472
908 ## - PUT COMMAND PARAMETER (RLIN)
Put command parameter 070424
950 ## - LOCAL HOLDINGS (RLIN)
-- 1
Holdings
Withdrawn status Lost status Source of classification or shelving scheme Not for loan Home library Current library Date acquired Total Checkouts Full call number Barcode Date last seen Date last checked out Price effective from Koha item type
    Library of Congress Classification   Kabarak, Main Campus Kabarak, Main Campus 17/12/2015 1 HG181 .R671 1993 005355 25/03/2017 25/02/2017 17/12/2015 General Collection
    Library of Congress Classification   Kabarak, Main Campus Kabarak, Main Campus 17/12/2015   HG181 .R671 1993 005356 17/12/2015   17/12/2015 General Collection
    Library of Congress Classification   Kabarak, Main Campus Kabarak, Main Campus 17/12/2015   HG181 .R671 1993 005357 17/12/2015   17/12/2015 General Collection
Designed with assistance from East African Informatics Ltd